Richard Scarry's best little word book ever / (Record no. 81)

MARC details
000 -LEADER
fixed length control field 01152nam a22003377a 4500
001 - CONTROL NUMBER
control field 81
003 - CONTROL NUMBER IDENTIFIER
control field FISKH
005 - DATE AND TIME OF LATEST TRANSACTION
control field 20230222084417.0
008 - FIXED-LENGTH DATA ELEMENTS--GENERAL INFORMATION
fixed length control field 230222b cb ||||| |||| 00| 0 eng d
020 ## - INTERNATIONAL STANDARD BOOK NUMBER
International Standard Book Number 0307001369
040 ## - CATALOGING SOURCE
Original cataloging agency DLC
Language of cataloging eng
Transcribing agency DLC
Description conventions rda
Modifying agency FISKH
042 ## - AUTHENTICATION CODE
Authentication code lcac
-- pcc
050 00 - LIBRARY OF CONGRESS CALL NUMBER
Classification number PZ7.S327
Item number Rhn 2014
082 00 - DEWEY DECIMAL CLASSIFICATION NUMBER
Classification number 428.1
Edition number 23
100 1# - MAIN ENTRY--PERSONAL NAME
Personal name Scarry, Richard.
245 10 - TITLE STATEMENT
Title Richard Scarry's best little word book ever /
Statement of responsibility, etc. written and illustrated by Richard Scarry.
246 30 - VARYING FORM OF TITLE
Title proper/short title Best little word book ever!
264 #1 - PRODUCTION, PUBLICATION, DISTRIBUTION, MANUFACTURE, AND COPYRIGHT NOTICE
Place of production, publication, distribution, manufacture Racine
Name of producer, publisher, distributor, manufacturer Western Publishing Company
Date of production, publication, distribution, manufacture, or copyright notice 1992
300 ## - PHYSICAL DESCRIPTION
Extent 12 leaves of plates
Dimensions 21 cm.
336 ## - CONTENT TYPE
Content type term text
Source rdacontent
336 ## - CONTENT TYPE
Content type term still image
Source rdacontent
337 ## - MEDIA TYPE
Media type term unmediated
Source rdamedia
338 ## - CARRIER TYPE
Carrier type term volume
Source rdacarrier
520 ## - SUMMARY, ETC.
Summary, etc. Labeled pictures introduce the members of the Cat family, their good friend Lowly Worm, their house, their food, and their drives downtown, to the airport, and to the harbor.
521 8# - TARGET AUDIENCE NOTE
Target audience note 500 <br/>
Source Lexile
521 8# - TARGET AUDIENCE NOTE
Target audience note H
Source Raz-Plus
650 #1 - SUBJECT ADDED ENTRY--TOPICAL TERM
Topical term or geographic name entry element Vocabulary
Form subdivision Fiction.
650 #1 - SUBJECT ADDED ENTRY--TOPICAL TERM
Topical term or geographic name entry element Cats
Form subdivision Fiction.
906 ## - LOCAL DATA ELEMENT F, LDF (RLIN)
a 7
b cbc
c orignew
d 1
e ecip
f 20
g y-gencatlg
942 ## - ADDED ENTRY ELEMENTS (KOHA)
Source of classification or shelving scheme Dewey Decimal Classification
Koha item type Books
Suppress in OPAC No
Holdings
Withdrawn status Lost status Source of classification or shelving scheme Damaged status Not for loan Collection Home library Current library Shelving location Date acquired Total Checkouts Full call number Barcode Date last seen Date last checked out Price effective from Koha item type
    Dewey Decimal Classification     Juvenile Fiction Footprints International School Library Network Toul Kork Campus Footprints International School Library Network Toul Kork Campus   02/22/2023 1 SCA 428.1 PZ7.S327 FISBK00151 09/20/2023 08/22/2023 02/22/2023 Books